| 000 | 004420000a22001810004500 | ||
|---|---|---|---|
| 003 | MACL | ||
| 005 | 20150702173011.0 | ||
| 008 | 150702b xxu||||| |||| 00| 0 eng d | ||
| 040 |
_aMACL _cMACL |
||
| 041 | _aEnglish | ||
| 082 | _a300 | ||
| 100 |
_aRatna, Bharat _9400 |
||
| 245 |
_aDr. Babasaheb Ambedkar _bMessiah of Untouchables |
||
| 260 |
_bVimal Publicatiions _c1990 |
||
| 350 | _a80 | ||
| 650 |
_aSociology _919 |
||
| 942 |
_cBK _k300 _2ddc |
||
| 999 |
_c4405 _d4405 |
||